|
|
|
|
| LEADER |
02258nam a2200373 i 4500 |
| 001 |
32607 |
| 003 |
BD-DhAAL |
| 005 |
20211114152523.0 |
| 008 |
180115t20162016maua b 001 0 eng |
| 999 |
|
|
|c 39031
|d 39031
|
| 010 |
|
|
|a 2016022992
|
| 020 |
|
|
|a 9780262035613 (hardcover : alk. paper)
|
| 020 |
|
|
|a 0262035618 (hardcover : alk. paper)
|
| 040 |
|
|
|a DLC
|b eng
|c DLC
|e rda
|d DLC
|d BD-DhAAL
|
| 042 |
|
|
|a pcc
|
| 050 |
0 |
0 |
|a Q325.5
|b .G66 2016
|
| 082 |
0 |
0 |
|a 006.31
|2 23
|
| 100 |
1 |
|
|a Goodfellow, Ian
|9 24830
|
| 245 |
1 |
0 |
|a Deep learning /
|c Ian Goodfellow, Yoshua Bengio, and Aaron Courville.
|
| 260 |
|
|
|a Cambridge, Massachusetts :
|b The MIT Press,
|c c2016
|
| 300 |
|
|
|a xxii, 775 pages :
|b illustrations (some color) ;
|c 24 cm.
|
| 490 |
0 |
|
|a Adaptive computation and machine learning
|
| 504 |
|
|
|a Includes bibliographical references (pages [711]-766) and index.
|
| 505 |
0 |
|
|a Applied math and machine learning basics. Linear algebra -- Probability and information theory -- Numerical computation -- Machine learning basics -- Deep networks: modern practices. Deep feedforward networks -- Regularization for deep learning -- Optimization for training deep models -- Convolutional networks -- Sequence modeling: recurrent and recursive nets -- Practical methodology -- Applications -- Deep learning research. Linear factor models -- Autoencoders -- Representation learning -- Structured probabilistic models for deep learning -- Monte Carlo methods -- Confronting the partition function -- Approximate inference -- Deep generative models.
|
| 526 |
|
|
|a AAL
|
| 541 |
|
|
|a Development Book Agency
|e 32607
|
| 650 |
|
0 |
|a Machine learning,
|9 24831
|
| 650 |
|
0 |
|a Computer science.
|9 42418
|
| 700 |
1 |
|
|a Bengio, Yoshua
|9 24832
|
| 700 |
1 |
|
|a Courville, Aaron
|9 24833
|
| 852 |
|
|
|a Ayesha Abed Library
|c General Stacks
|
| 942 |
|
|
|2 ddc
|c BK
|
| 952 |
|
|
|0 0
|1 0
|2 ddc
|4 0
|6 006_310000000000000_GOO
|7 0
|9 62620
|a BRACUL
|b BRACUL
|c GEN
|d 2018-01-14
|e Development Book Agency
|g 9500.00
|l 16
|m 220
|o 006.31 GOO
|p 3010032608
|r 2026-05-03
|s 2025-11-18
|t 2
|v 9500.00
|w 2018-01-14
|y BK
|
| 952 |
|
|
|0 0
|1 0
|2 ddc
|4 0
|6 006_310000000000000_GOO
|7 0
|9 62621
|a BRACUL
|b BRACUL
|c GEN
|d 2018-01-14
|e Development Book Agency
|g 9500.00
|l 17
|m 187
|o 006.31 GOO
|p 3010032607
|r 2026-05-03
|s 2026-02-22
|t 1
|v 9500.00
|w 2018-01-14
|y BK
|